000 00673nam a22002297a 4500
005 20170124110206.0
010 _aB-047138
020 _c00.00
035 _aB-047138
037 _bCen Lib/Ret
040 _aDPL
_bEN
082 _a005.3
_bROS
100 _aRose, Bill
_937390
245 _aManaging software support /
_cby Bill Rose
260 _aSan Diego
_bS.S.P.A.
_c1990
270 _a11858, Bernardo Plaza Court Suite 101C
_bSan Diego
300 _axiv,176p. :
_c22cm(Hb)
_bill.
500 _aIncludes bibliographical reference
650 _aSoftware support
_937391
650 _aSoftware Management
_937392
942 _2ddc
_cEN
_h005.3
_mROS
999 _c133262
_d133262